000 00913nam0a22002531 4500
001 rc\2219311
005 20260407132346.0
035 _a(NLR Aleph) 006642516
090 _a4709001
_c4709001
100 _a20110829d1978 |||y0rusy50 ca
101 0 _arus
102 _aRU
105 _aa z |||||
200 1 _aРуководство по применению бетонов с противоморозными добавками
_fНИИ бетона и железобетона Госстроя СССР НИИЖБ
210 _aМосква
_cСтройиздат
_d1978
215 _a[1], 81 с.
_cил.
_d21
712 0 2 _aНИИ бетона и железобетона
_cМосква
_3RU\NLR\AUTH\889993516
_9483522
801 0 _aRU
_bNLR
_gpsbo
801 1 _aRU
_bELAR
_2rusmarc
852 _aNLR
_j79-4/5731
899 _aRuMoRGB
_jБ 78-56/2409
899 _aRuMoRGB
_jБ 78-56/2410
942 _cBOOK
980 _aNB